LEADER 01738nam0 22004093i 450 001 NAP0494425 005 20231121125601.0 100 $a20230706d1930 ||||0itac50 ba 101 | $aita 102 $ait 181 1$6z01$ai $bxxxe 182 1$6z01$an 200 1 $aSaul$aAgamennone$aOreste$aBruto Secondo$aFilippo$etragedie$fVittorio Alfieri$gcon introduzione di Arturo Farinelli 210 $aTorino [etc.]$cParavia$d1930 215 $aXXVII, 237 p., ill.$c[6] c. di tav.$d20 cm 225 | $aBiblioteca di classici italiani 410 0$1001LO10255772$12001 $aBiblioteca di classici italiani 423 0$12001 $aOreste$1700 1$aAlfieri$b, Vittorio$f <1749-1803>$3CFIV000280$4070 423 0$12001 $aBruto secondo$fVittorio Alfieri.$1700 1$aAlfieri$b, Vittorio$f <1749-1803>$3CFIV000280$4070 423 0$12001 $aAgamennone$fVittorio Alfieri.$1700 1$aAlfieri$b, Vittorio$f <1749-1803>$3CFIV000280$4070 423 0$12001 $aFilippo$1700 0$aIsocrates$3CFIV061822$4070 676 $a852.6$9Letteratura drammatica italiana. 1748-1814$v22 700 1$aAlfieri$b, Vittorio$f <1749-1803>$3CFIV000280$4070$0292812 702 1$aFarinelli$b, Arturo$3RAVV054216 790 1$aFarinelli$b, Artur$3NAPV186622$zFarinelli, Arturo 801 3$aIT$bIT-01$c20230706 850 $aIT-FR0017 899 $aBiblioteca umanistica Giorgio Aprea$bFR0017 $eN 912 $aNAP0494425 950 0$aBiblioteca umanistica Giorgio Aprea$d 52DFV F 25$e 52BUN0000105675 VMC RS $fC $h20230706$i20230706 977 $a 52 996 $aBruto secondo$9149541 996 $aFilippo$997880 996 $aOreste$9149514 996 $aAgamennone$9149515 996 $aSaul$997879 997 $aUNICAS